Top 100 female names in Canada 2010 Quiz Stats

 Plays Quiz not verified by Sporcle

Score 0/100 Timer 15:00
0 Plays Today
Rating % Correct
2Emily
79.8%
35Eva
75.8%
1Emma
73.7%
15Elizabeth
71.7%
67Anna
70.7%
5Sarah
68.7%
30Jessica
68.7%
85Katherine
64.6%
84Laura
63.6%
3Olivia
61.6%
8Hannah
61.6%
83Ashley
60.6%
34Rachel
59.6%
17Julia
58.6%
92Autumn
57.6%
27Lauren
56.6%
81Kate
56.6%
4Sophia
54.5%
12Isabella
54.5%
65Rebecca
53.5%
99Amanda
52.5%
91Alexa
51.5%
9Chloe
50.5%
13Sophie
49.5%
70Amy
49.5%
45Alexandra
48.5%
14Ella
47.5%
22Victoria
47.5%
19Grace
45.5%
23Megan
45.5%
54Alexis
45.5%
6Ava
44.4%
33Zoe
44.4%
10Abigail
43.4%
Rating % Correct
50Isabelle
43.4%
74Natalie
43.4%
21Charlotte
42.4%
25Samantha
42.4%
73Allison
41.4%
80Brianna
41.4%
64Claire
40.4%
18Lily
39.4%
40Taylor
39.4%
56Alice
38.4%
62Kayla
37.4%
7Mia
34.3%
51Amelia
34.3%
68Kaitlyn
34.3%
100Amber
34.3%
24Leah
33.3%
48Brook
33.3%
90Jordan
32.3%
32Gabrielle
30.3%
37Jade
30.3%
88Gabriella
30.3%
20Alyssa
29.3%
76Faith
29.3%
42Jasmine
27.3%
71Paige
27.3%
72Madeline
27.3%
97Angelina
27.3%
26Avery
26.3%
29Addison
25.3%
31Sydney
25.3%
89Summer
23.2%
36Brooklyn
22.2%
75Mackenzie
22.2%
43Juliet
20.2%
Rating % Correct
82Savannah
20.2%
87Lydia
20.2%
16Hayley
19.2%
78Nevaeh
19.2%
Alexia
19.2%
28Naomi
18.2%
46Payton
18.2%
93Ariana
16.2%
55Annabelle
15.2%
69Sadie
15.2%
47Camille
12.1%
11Maddison
11.1%
38Florence
9.1%
39Rosalie
8.1%
59Oceane
8.1%
86Kaylie
8.1%
52Laurie
7.1%
98Cassidy
7.1%
60Justine
6.1%
95Kiera
6.1%
96Isla
6.1%
53Jayda
5.1%
63Marianne
5.1%
77Danica
5.1%
41Laurence
4%
44Maika
4%
57Coralie
4%
66Claira
4%
79Siena
4%
61Maelie
1%
94Haden
1%
58Elordie
0%

You're not logged in!

Compare scores with friends on all Sporcle quizzes.
OR
Log In

Show Comments

Extras

Top Quizzes Today


Score Distribution

Your Account Isn't Verified!

In order to create a playlist on Sporcle, you need to verify the email address you used during registration. Go to your Sporcle Settings to finish the process.

Report this User

Report this user for behavior that violates our Community Guidelines.

Details: